Một số đặc điểm giáo tiếp của sinh viên khoa sư phạm trường đại học Tây Nguyên

Cơ sở lý luận của vấn đề nghiên cứu: Khái quát về lịc sử nghiên cứu vấn đề. Một số vấn đề về giao tiếp. Nhu cầu và nhu cầu giao tiếp...Phương pháp nghiên cứu. Thực trạng một số đặc điểm giao tiếp của sinh viên khoa sư phạm - trường Đại học Tây Nguyên....

Cijeli opis

Spremljeno u:
Bibliografski detalji
Glavni autor: Nguyễn, Thị Bảo Trâm (Tác giả)
Daljnji autori: Phạm Thị Mơ Th.S (Hướng dẫn)
Format: Knjiga
Jezik:Vietnamese
Izdano: Đà Nẵng Đại học Sư phạm 2010
Teme:
Oznake: Dodaj oznaku
Bez oznaka, Budi prvi tko označuje ovaj zapis!
Thư viện lưu trữ: Mạng thư viện Đại học Đà Nẵng
LEADER 01624nam a2200349 4500
001 000012314
003 8608
005 20120217140248.0
008 120217s2010 viesd
041 |a vie 
072 |a Khóa luận tốt nghiệp 
082 |a 153.6088  |b NG-T 
100 |a Nguyễn, Thị Bảo Trâm  |e Tác giả 
245 |a Một số đặc điểm giáo tiếp của sinh viên khoa sư phạm trường đại học Tây Nguyên  |c Nguyễn Thị Bảo Trâm 
260 |a Đà Nẵng  |b Đại học Sư phạm  |c 2010 
300 |a 81 tr.  |c 29 cm 
500 |a Khóa luận tốt nghiệp khoa Tâm lý - giáo dục. 
520 |a Cơ sở lý luận của vấn đề nghiên cứu: Khái quát về lịc sử nghiên cứu vấn đề. Một số vấn đề về giao tiếp. Nhu cầu và nhu cầu giao tiếp...Phương pháp nghiên cứu. Thực trạng một số đặc điểm giao tiếp của sinh viên khoa sư phạm - trường Đại học Tây Nguyên. 
653 |a Giao tiếp 
653 |a Sinh viên 
653 |a Đại học Tây Nguyên 
700 |a Phạm Thị Mơ  |c Th.S  |e Hướng dẫn 
OWN |a LSP 
AVA |a UDN50  |b LSP  |d 153.6088 NG-T  |e available  |t Error 5001 Not defined in file expand_doc_bib_avail.  |f 1  |g 0  |h N  |i 0  |k 1 
999 |a From the UDN01 
AVA |a UDN50  |b LSP  |d 153.6088 NG-T  |e available  |t Error 5001 Not defined in file expand_doc_bib_avail.  |f 1  |g 0  |h N  |i 0  |k 1 
TYP |a Monograph 
TYP |a Printed language 
980 |a Mạng thư viện Đại học Đà Nẵng